[Event "Madrid-ch 2016 Final"]
[Site "Madrid ESP"]
[Date "2016.06.09"]
[Round "4.7"]
[White "Almagro Llamas, Pablo"]
[Black "Quevedo Marin, Manuel"]
[Result "1-0"]
[WhiteElo "2432"]
[BlackElo "2259"]
[PlyCount "83"]
[EventDate "2016.06.06"]
[EventType "swiss"]
[EventRounds "7"]
[EventCountry "ESP"]
[Source "lmi"]
[SourceDate "2016.06.06"]

1. e4 e5 2. Nf3 Nc6 3. Bb5 a6 4. Ba4 Nf6 5. O-O Be7 6. d3 b5 7. Bb3 d6 8. c3
O-O 9. a4 b4 10. a5 Rb8 11. Nbd2 h6 12. Re1 Be6 13. Bc4 Qc8 14. Qa4 Qb7 15. Qa2
Nd8 16. d4 Nd7 17. h3 c6 18. Bxe6 Nxe6 19. Nc4 bxc3 20. bxc3 Qc7 21. Ba3 Rb5
22. Rad1 exd4 23. cxd4 c5 24. d5 Ng5 25. Nfd2 Ne5 26. f4 Nd3 27. fxg5 Nxe1 28.
Rxe1 Bxg5 29. e5 dxe5 30. d6 Qb7 31. Nf3 Bf4 32. Nfxe5 Qd5 33. Qc2 Qd4+ 34. Kh1
Bxe5 35. Rxe5 Rfb8 36. Re1 Rb3 37. Rd1 Qc3 38. Qxc3 Rxc3 39. d7 Rd8 40. Bxc5
Rxd7 41. Rxd7 Rxc4 42. Bb6 1-0

[Event "Madrid-ch 2016 Final"]
[Site "Madrid ESP"]
[Date "2016.06.09"]
[Round "4.8"]
[White "Iagar, Razvan Gabriel"]
[Black "Longa Yauca, Javier"]
[Result "1-0"]
[WhiteElo "2161"]
[BlackElo "2293"]
[PlyCount "53"]
[EventDate "2016.06.06"]
[EventType "swiss"]
[EventRounds "7"]
[EventCountry "ESP"]
[Source "lmi"]
[SourceDate "2016.06.06"]

1. d4 Nf6 2. c4 e6 3. Nf3 c5 4. d5 exd5 5. cxd5 d6 6. Nc3 g6 7. h3 Bg7 8. e4
O-O 9. Bd3 Na6 10. O-O Re8 11. Re1 Nb4 12. Bf1 h6 13. a3 Na6 14. Bf4 Re7 15.
Qc2 Ne8 16. Rad1 Nb8 17. Nd2 a6 18. a4 Nd7 19. Nc4 Ne5 20. Nxe5 dxe5 21. Be3
Qd6 22. Nb1 Rc7 23. Na3 Bf8 24. Qd2 Kh7 25. Nc4 Qf6 26. d6 Rd7 27. Bxc5 1-0

[Event "Madrid-ch 2016 Final"]
[Site "Madrid ESP"]
[Date "2016.06.09"]
[Round "4.9"]
[White "Ruiz Quevedo, Andres"]
[Black "Quispe Arteaga, Gabriel"]
[Result "0-1"]
[WhiteElo "1959"]
[BlackElo "2196"]
[PlyCount "64"]
[EventDate "2016.06.06"]
[EventType "swiss"]
[EventRounds "7"]
[EventCountry "ESP"]
[Source "lmi"]
[SourceDate "2016.06.06"]

1. g3 d5 2. Nf3 Nf6 3. Bg2 e6 4. O-O Be7 5. c4 O-O 6. b3 c5 7. e3 b6 8. Bb2 Bb7
9. Nc3 Nc6 10. Qe2 Rc8 11. Rfd1 dxc4 12. bxc4 Qc7 13. d4 cxd4 14. exd4 Na5 15.
c5 bxc5 16. Nb5 Qb8 17. dxc5 Rxc5 18. Ba3 Bxf3 19. Bxf3 Re5 20. Qf1 Bxa3 21.
Nxa3 Rf5 22. Rab1 Qe8 23. Bg2 Qa4 24. Nb5 h5 25. Rd4 Qxa2 26. Ra1 Qb2 27. Rxa5
Rxb5 28. Qxb5 Qxd4 29. Qa6 Rb8 30. Ra1 Ng4 31. Qxa7 Rb1+ 32. Bf1 Qxa1 0-1

[Event "Madrid-ch 2016 Final"]
[Site "Madrid ESP"]
[Date "2016.06.09"]
[Round "4.10"]
[White "Pastor Alonso De Prado, Alberto"]
[Black "Pindado Campos, Raul"]
[Result "1-0"]
[WhiteElo "2233"]
[BlackElo "2046"]
[PlyCount "99"]
[EventDate "2016.06.06"]
[EventType "swiss"]
[EventRounds "7"]
[EventCountry "ESP"]
[Source "lmi"]
[SourceDate "2016.06.06"]

1. e4 c5 2. c3 Nf6 3. e5 Nd5 4. d4 cxd4 5. Nf3 e6 6. cxd4 d6 7. Nc3 Nxc3 8.
bxc3 Qc7 9. Bd2 Nd7 10. Bd3 dxe5 11. O-O g6 12. Qa4 Bg7 13. Qa3 Bf8 14. Qa4 Bg7
15. Nxe5 O-O 16. f4 Rd8 17. Qb3 Nxe5 18. fxe5 Bxe5 19. h4 Bh2+ 20. Kh1 Bg3 21.
Bg5 Rf8 22. Rf3 Bd7 23. c4 Bc6 24. d5 Be5 25. Raf1 exd5 26. cxd5 Bd7 27. Be7
Ba4 28. Qa3 Bb2 29. Qb4 Bc3 30. Qe4 Rae8 31. d6 Bc6 32. Qc4 Qd7 33. Bf5 gxf5
34. Rg3+ Bg7 35. Bf6 Re6 36. Rxg7+ Kh8 37. Rg6+ Rxf6 38. Rxf6 f4 39. Qc3 Bxg2+
40. Kxg2 Qg4+ 41. Kf2 Qxh4+ 42. Ke2 Qh5+ 43. Rf3 Qb5+ 44. Kd2 Kg8 45. R3xf4 Re8
46. Rg4+ Kf8 47. Re6 Qd5+ 48. Kc1 Qh1+ 49. Kb2 Qh2+ 50. Kb3 1-0

[Event "Madrid-ch 2016 Final"]
[Site "Madrid ESP"]
[Date "2016.06.09"]
[Round "4.11"]
[White "Collado Barbas, Laura"]
[Black "Anton Quevedo, Andrea"]
[Result "1/2-1/2"]
[WhiteElo "2097"]
[BlackElo "1992"]
[PlyCount "163"]
[EventDate "2016.06.06"]
[EventType "swiss"]
[EventRounds "7"]
[EventCountry "ESP"]
[Source "lmi"]
[SourceDate "2016.06.06"]

1. d4 Nf6 2. c4 g6 3. Nc3 d5 4. Nf3 Bg7 5. Bg5 Ne4 6. cxd5 Nxg5 7. Nxg5 e6 8.
Qd2 h6 9. Nh3 exd5 10. Qe3+ Be6 11. Nf4 Qd6 12. Nxe6 fxe6 13. Qd3 Kf7 14. h4
Nc6 15. e3 Ne7 16. a3 a6 17. g3 c5 18. Bh3 Rhf8 19. O-O Rac8 20. Ne2 Nf5 21.
Nf4 cxd4 22. exd4 Rc4 23. h5 Rxd4 24. Qf3 Kg8 25. hxg6 Be5 26. g7 Nxg7 27. Kh1
Bxf4 28. gxf4 Qxf4 29. Qg2 Kh7 30. Rae1 Qh4 31. Rg1 Qf6 32. Re3 Rh4 33. Rg3 Nh5
34. Rg4 Rxg4 35. Bxg4 Nf4 36. Qh2 Rg8 37. f3 Rg5 38. Qc2+ Kg7 39. Qc7+ Qf7 40.
Qc3+ e5 41. Re1 Kf6 42. Qb4 h5 43. Qd6+ Ne6 44. f4 Rxg4 45. Qxe5+ Kg6 46. Qxe6+
Qxe6 47. Rxe6+ Kf5 48. Re5+ Kxf4 49. Rxd5 Rg5 50. Rd7 Rb5 51. b4 h4 52. Rd4+
Kg5 53. a4 Rb6 54. Kg2 Rc6 55. Rd5+ Kf4 56. Rd4+ Ke3 57. Rxh4 Kd3 58. Kf2 Rc4
59. Rh3+ Kc2 60. b5 Rxa4 61. bxa6 Rxa6 62. Rh5 Ra3 63. Ke2 Rb3 64. Rc5+ Kb2 65.
Kd2 b5 66. Rc2+ Ka3 67. Kc1 Rh3 68. Rc8 Kb3 69. Rb8 b4 70. Rb7 Rg3 71. Rb8 Rg4
72. Rb7 Rc4+ 73. Kb1 Kc3 74. Rh7 Rd4 75. Rh3+ Kc4 76. Rh7 Rd5 77. Rh4+ Kb3 78.
Rh3+ Ka4 79. Rh7 Rg5 80. Rh3 b3 81. Rh8 Ra5 82. Kb2 1/2-1/2

[Event "Madrid-ch 2016 Final"]
[Site "Madrid ESP"]
[Date "2016.06.09"]
[Round "4.12"]
[White "Perez de Aranda, Leonardo Ivan"]
[Black "Cabañas Bravo, Juan Andres"]
[Result "1/2-1/2"]
[WhiteElo "2092"]
[BlackElo "1992"]
[PlyCount "60"]
[EventDate "2016.06.06"]
[EventType "swiss"]
[EventRounds "7"]
[EventCountry "ESP"]
[Source "lmi"]
[SourceDate "2016.06.06"]

1. Nf3 Nf6 2. g3 g6 3. Bg2 Bg7 4. O-O O-O 5. d3 d5 6. Nbd2 d4 7. Nc4 c5 8. Nfe5
Nd5 9. a4 Na6 10. e4 dxe3 11. fxe3 Be6 12. Qe2 Qc7 13. e4 Ndb4 14. Bf4 g5 15.
Nxf7 gxf4 16. Ng5 Bxc4 17. dxc4 fxg3 18. Qh5 gxh2+ 19. Kh1 h6 20. Bh3 Qe5 21.
Rf5 Rxf5 22. Bxf5 Rf8 23. Rf1 Rf6 24. Qe8+ Bf8 25. Nh7 Rxf5 26. exf5 Qe4+ 27.
Kxh2 Qe2+ 28. Kg1 Qg4+ 29. Kh2 Qh4+ 30. Kg2 Qg4+ 1/2-1/2

[Event "Madrid-ch 2016 Final"]
[Site "Madrid ESP"]
[Date "2016.06.09"]
[Round "4.13"]
[White "Aguilera Lopez, Alejandro"]
[Black "Casares Ripoll, Fernando"]
[Result "1/2-1/2"]
[WhiteElo "2011"]
[BlackElo "2139"]
[PlyCount "36"]
[EventDate "2016.06.06"]
[EventType "swiss"]
[EventRounds "7"]
[EventCountry "ESP"]
[Source "lmi"]
[SourceDate "2016.06.06"]

1. d4 d5 2. Nf3 c5 3. e3 Nf6 4. Nbd2 Nc6 5. c3 e6 6. Bd3 Be7 7. O-O O-O 8. Ne5
Nxe5 9. dxe5 Nd7 10. f4 f5 11. exf6 Nxf6 12. e4 Qb6 13. Kh1 e5 14. fxe5 Ng4 15.
exd5 c4 16. Nxc4 Rxf1+ 17. Qxf1 Nf2+ 18. Kg1 Nh3+ 1/2-1/2

[Event "Madrid-ch 2016 Final"]
[Site "Madrid ESP"]
[Date "2016.06.09"]
[Round "4.14"]
[White "Ocana Lameiro, Oliver"]
[Black "Rottenwohrer Suarez, Juan"]
[Result "1-0"]
[WhiteElo "2028"]
[BlackElo "2087"]
[PlyCount "109"]
[EventDate "2016.06.06"]
[EventType "swiss"]
[EventRounds "7"]
[EventCountry "ESP"]
[Source "lmi"]
[SourceDate "2016.06.06"]

1. Nf3 Nf6 2. d4 g6 3. g3 Bg7 4. Bg2 d6 5. O-O O-O 6. c4 Nc6 7. Nc3 Bf5 8. d5
Na5 9. Nd4 Bd7 10. b3 c5 11. dxc6 bxc6 12. Bb2 Rb8 13. Qd2 c5 14. Nf3 Bc6 15.
Ng5 Bxg2 16. Kxg2 Qb6 17. Rab1 e6 18. Kg1 Rfd8 19. Na4 Qc7 20. Bc3 Nc6 21. Qb2
Qe7 22. Ne4 Nxe4 23. Bxg7 d5 24. f3 d4 25. fxe4 Kxg7 26. Rf4 Ne5 27. Rbf1 Rf8
28. Qa3 Rb4 29. Nb2 g5 30. R4f2 Ng4 31. Rf3 Ne3 32. R1f2 g4 33. Rf6 Nf5 34. e5
Rb6 35. Nd3 Rc6 36. Qc1 Ne3 37. Nf4 Qc7 38. Nd3 Ra6 39. a3 Qa5 40. a4 Qc7 41.
Qa3 Rc6 42. R2f4 Qb7 43. Re4 Rc7 44. Rff4 Rb8 45. Nxc5 Rxc5 46. Qxc5 Qxb3 47.
Qxd4 Nf5 48. Rxg4+ Kh8 49. Qd2 h6 50. Ref4 Ne3 51. Qc1 Nxg4 52. Rxg4 Kh7 53.
Qf4 Qd1+ 54. Kf2 Rb7 55. Qf6 1-0

[Event "Madrid-ch 2016 Final"]
[Site "Madrid ESP"]
[Date "2016.06.10"]
[Round "5.2"]
[White "Rubio Mejia, Luis Ignacio"]
[Black "Perez Mitjans, Orelvis"]
[Result "1/2-1/2"]
[WhiteElo "2457"]
[BlackElo "2462"]
[PlyCount "208"]
[EventDate "2016.06.06"]
[EventType "swiss"]
[EventRounds "7"]
[EventCountry "ESP"]
[SourceTitle "Ajedrez en Madrid"]
[Source "lmi"]
[SourceDate "2016.06.06"]

1. d4 Nf6 2. c4 c5 3. d5 e6 4. Nc3 exd5 5. cxd5 g6 6. Nf3 Bg7 7. Bf4 d6 8. Qa4+
Bd7 9. Qb3 Qc7 10. e4 O-O 11. Nd2 Nh5 12. Bg5 h6 13. Be3 f5 14. exf5 gxf5 15.
Be2 f4 16. Bxh5 fxe3 17. fxe3 b5 18. Nxb5 Qd8 19. Nf3 Na6 20. O-O Rb8 21. a4
Nc7 22. Qc2 Nxb5 23. axb5 Bxb5 24. Rxa7 Be8 25. Bxe8 Qxe8 26. e4 Qg6 27. b3 Rf4
28. Rd7 Rbf8 29. Kh1 Rxe4 30. Rxd6 Qf5 31. Qxc5 Re2 32. Rc6 Qg4 33. Qg1 Qe4 34.
Re6 Qd3 35. Rxe2 Qxe2 36. Re1 Qd3 37. Rd1 Qxb3 38. d6 Qe6 39. Qf1 Rd8 40. Qd3
Rd7 41. Qd5 Qxd5 42. Rxd5 Bf8 43. Ne5 Rxd6 44. Rxd6 Bxd6 45. Nd3 Kg7 46. g3 h5
47. Kg2 Kg6 48. Kf3 Kh6 49. Nf4 Bb8 50. Ng2 Kg5 51. Nh4 Bc7 52. Ng2 Bb8 53. h3
Bc7 54. Nf4 Bd6 55. Ne6+ Kf6 56. Nd4 Be5 57. Ne2 Kg5 58. h4+ Kh6 59. Ke4 Bc7
60. Kf5 Bb6 61. Kf6 Bf2 62. Kf7 Kh7 63. Ke6 Kh6 64. Kf6 Be1 65. Kf5 Bf2 66. Kf4
Bb6 67. Nc3 Bc7+ 68. Kf3 Be5 69. Nd5 Bd6 70. Nf4 Bb4 71. Ng2 Bd6 72. Ne3 Kg6
73. Nd5 Kh6 74. Nf4 Bb4 75. Ke4 Be1 76. Ne2 Kg6 77. Ke5 Bf2 78. Ke6 Be1 79.
Nf4+ Kh6 80. Ne2 Kg6 81. Ke5 Bf2 82. Kf4 Bb6 83. Kf3 Kh6 84. Ke4 Kg6 85. Nf4+
Kh6 86. Kf5 Bf2 87. Ne2 Be1 88. Kf6 Bf2 89. Kf7 Kh7 90. Ke6 Kh6 91. Kf6 Be1 92.
Nd4 Bc3 93. Ke5 Kg6 94. Ke4 Be1 95. Kf4 Bd2+ 96. Kf3 Bc3 97. Ne2 Be1 98. g4
hxg4+ 99. Kxg4 Bxh4 100. Kxh4 Kf6 101. Kg4 Ke5 102. Nd4 Ke4 103. Kg3 Ke3 104.
Nc2+ Ke4 1/2-1/2

[Event "Madrid-ch 2016 Final"]
[Site "Madrid ESP"]
[Date "2016.06.10"]
[Round "5.3"]
[White "Aranda Marin, Cristian"]
[Black "Martinez Reyes, Pedro Ramon"]
[Result "1/2-1/2"]
[WhiteElo "2372"]
[BlackElo "2309"]
[PlyCount "79"]
[EventDate "2016.06.06"]
[EventType "swiss"]
[EventRounds "7"]
[EventCountry "ESP"]
[SourceTitle "Ajedrez en Madrid"]
[Source "lmi"]
[SourceDate "2016.06.06"]

1. d4 d5 2. c4 e6 3. Nc3 Be7 4. cxd5 exd5 5. Bf4 c6 6. e3 Bf5 7. g4 Be6 8. h3
h5 9. Be2 Qb6 10. Rb1 Nf6 11. gxh5 Bf5 12. Bd3 Bxd3 13. Qxd3 Nxh5 14. Nge2 Nd7
15. Kf1 g6 16. b4 a6 17. Bh2 Qd8 18. a4 Nb6 19. a5 Nc8 20. Be5 Rh6 21. Na4 f6
22. Bh2 Kf7 23. Nc5 Na7 24. Nxb7 Qc8 25. Nd6+ Bxd6 26. Bxd6 Nb5 27. Bc5 Qe6 28.
Ke1 Ng7 29. Kd2 Nf5 30. Rbc1 Nh4 31. Kc2 Rah8 32. Kb3 Nf5 33. Nf4 Qd7 34. Qc2
g5 35. Nd3 Rxh3 36. Rxh3 Rxh3 37. Ka4 Qe8 38. Nf4 gxf4 39. Qxf5 Qe6 40. Qxf4
1/2-1/2

[Event "Madrid-ch 2016 Final"]
[Site "Madrid ESP"]
[Date "2016.06.10"]
[Round "5.4"]
[White "Moreno Ruiz, Javier"]
[Black "Iagar, Razvan Gabriel"]
[Result "1-0"]
[WhiteElo "2438"]
[BlackElo "2161"]
[PlyCount "129"]
[EventDate "2016.06.06"]
[EventType "swiss"]
[EventRounds "7"]
[EventCountry "ESP"]
[SourceTitle "Ajedrez en Madrid"]
[Source "lmi"]
[SourceDate "2016.06.06"]

1. e4 e6 2. d4 d5 3. e5 c5 4. c3 Nc6 5. Nf3 Qb6 6. a3 c4 7. Nbd2 Na5 8. Be2 Bd7
9. O-O Be7 10. Qc2 Nh6 11. Rb1 Nf5 12. g4 Nh4 13. Nxh4 Bxh4 14. f4 Be7 15. Bd1
Qc7 16. Nf3 g6 17. Be3 O-O-O 18. Qe2 Kb8 19. Bc2 Rdf8 20. Bf2 h5 21. h3 hxg4
22. hxg4 Rh3 23. Kg2 Rfh8 24. Bg3 Ka8 25. Ng1 R3h7 26. Nf3 Qd8 27. Rbe1 Rh3 28.
Rg1 R3h7 29. Kf2 a6 30. Rg2 Rh3 31. Rh2 Rxh2+ 32. Nxh2 Qb6 33. Rb1 Qd8 34. Qf3
Bc6 35. Nf1 Qe8 36. Re1 Ba4 37. Bb1 Qb5 38. Qe2 Qe8 39. Ne3 Qd8 40. Kg2 Qg8 41.
Rh1 Rxh1 42. Kxh1 Qh8+ 43. Kg2 Qe8 44. f5 gxf5 45. gxf5 Qb5 46. fxe6 fxe6 47.
Bg6 Bg5 48. Bf2 Nc6 49. Kh3 Qb3 50. Kg4 Be7 51. Qd2 Qa2 52. Be1 Qa1 53. Bf7 Nd8
54. Nxd5 exd5 55. Bxd5 Bb3 56. Be4 Bd1+ 57. Kf5 Bh5 58. d5 Qd1 59. Qxd1 Bxd1
60. d6 Bf8 61. Bg3 Kb8 62. e6 Nxe6 63. d7+ Ka7 64. Kxe6 Bg4+ 65. Bf5 1-0

[Event "Madrid-ch 2016 Final"]
[Site "Madrid ESP"]
[Date "2016.06.10"]
[Round "5.6"]
[White "Quispe Arteaga, Gabriel"]
[Black "Pastor Alonso De Prado, Alberto"]
[Result "1-0"]
[WhiteElo "2196"]
[BlackElo "2233"]
[PlyCount "73"]
[EventDate "2016.06.06"]
[EventType "swiss"]
[EventRounds "7"]
[EventCountry "ESP"]
[SourceTitle "Ajedrez en Madrid"]
[Source "lmi"]
[SourceDate "2016.06.06"]

1. d4 d5 2. c4 e6 3. e3 Nf6 4. Nf3 Be7 5. Bd3 O-O 6. O-O dxc4 7. Bxc4 c5 8. Qc2
cxd4 9. Nxd4 a6 10. Rd1 Qe8 11. Nc3 b5 12. Bd3 Bb7 13. Ne4 Nxe4 14. Bxe4 Bxe4
15. Qxe4 Nd7 16. b3 Nc5 17. Qf3 Rc8 18. Bb2 g6 19. Qh3 f5 20. Nf3 Ne4 21. Rac1
Rxc1 22. Rxc1 Qd8 23. Nd4 Bf6 24. Nxe6 Qd2 25. Nxf8 Qxf2+ 26. Kh1 Ng5 27. Qh6
Qxb2 28. Rf1 Qe2 29. Rb1 Qxa2 30. Rf1 Qe2 31. Rb1 Qd3 32. Re1 Bc3 33. Nxg6 hxg6
34. Qxg6+ Kf8 35. Rc1 Nf7 36. Qxa6 Qxe3 37. Qc8+ 1-0

[Event "Madrid-ch 2016 Final"]
[Site "Madrid ESP"]
[Date "2016.06.10"]
[Round "5.7"]
[White "Lianes Garcia, Marcos"]
[Black "Lopez de Turiso, Jose Angel"]
[Result "1/2-1/2"]
[WhiteElo "2234"]
[BlackElo "2040"]
[PlyCount "55"]
[EventDate "2016.06.06"]
[EventType "swiss"]
[EventRounds "7"]
[EventCountry "ESP"]
[SourceTitle "Ajedrez en Madrid"]
[Source "lmi"]
[SourceDate "2016.06.06"]

1. e4 e5 2. Nf3 Nc6 3. c3 Nf6 4. d4 exd4 5. e5 Nd5 6. cxd4 d6 7. Bb5 Bd7 8. Qb3
Nb6 9. Nc3 Be7 10. Bf4 dxe5 11. Nxe5 Nxe5 12. Bxe5 O-O 13. O-O Bxb5 14. Qxb5 c6
15. Qb3 Bd6 16. Rad1 Bxe5 17. dxe5 Qe7 18. Rfe1 Rfd8 19. f4 Rxd1 20. Rxd1 Rd8
21. g3 Qc5+ 22. Kg2 Rxd1 23. Qxd1 Nd5 24. Nxd5 cxd5 25. Qa4 b5 26. Qa5 h5 27.
Qc3 Qe7 28. Qd4 1/2-1/2

[Event "Madrid-ch 2016 Final"]
[Site "Madrid ESP"]
[Date "2016.06.10"]
[Round "5.8"]
[White "Rojas Pozo, Jose Luis"]
[Black "Plazuelo Pascual, Juan"]
[Result "0-1"]
[WhiteElo "1992"]
[BlackElo "2223"]
[PlyCount "88"]
[EventDate "2016.06.06"]
[EventType "swiss"]
[EventRounds "7"]
[EventCountry "ESP"]
[SourceTitle "Ajedrez en Madrid"]
[Source "lmi"]
[SourceDate "2016.06.06"]

1. e4 c5 2. Nf3 e6 3. d4 cxd4 4. Nxd4 Nc6 5. Nb5 d6 6. c4 a6 7. N5c3 Nf6 8. Be2
Be7 9. Be3 O-O 10. O-O b6 11. Na3 Bb7 12. f4 Rb8 13. Nc2 Qc7 14. Qd3 Rfd8 15.
Bf3 Na5 16. Na3 d5 17. cxd5 Bc5 18. Rad1 Qxf4 19. Bxc5 bxc5 20. b3 Nc6 21. Qd2
Qxd2 22. Rxd2 Nd4 23. Na4 exd5 24. Nxc5 dxe4 25. Rfd1 Nxf3+ 26. gxf3 Re8 27.
Nxb7 Rxb7 28. Nc4 Rbe7 29. Nd6 Rf8 30. Nxe4 Nxe4 31. fxe4 Rxe4 32. Rd6 a5 33.
R1d4 Re2 34. Ra4 Rc8 35. Rc4 Rce8 36. Ra4 g6 37. Rxa5 Rb2 38. Rf6 Re1+ 39. Rf1
Ree2 40. Ra1 Rg2+ 41. Kh1 Rxh2+ 42. Kg1 h5 43. a4 Rbg2+ 44. Kf1 h4 0-1

[Event "Madrid-ch 2016 Final"]
[Site "Madrid ESP"]
[Date "2016.06.10"]
[Round "5.9"]
[White "Longa Yauca, Javier"]
[Black "Ocana Lameiro, Oliver"]
[Result "1-0"]
[WhiteElo "2293"]
[BlackElo "2028"]
[PlyCount "114"]
[EventDate "2016.06.06"]
[EventType "swiss"]
[EventRounds "7"]
[EventCountry "ESP"]
[SourceTitle "Ajedrez en Madrid"]
[Source "lmi"]
[SourceDate "2016.06.06"]

1. d4 Nf6 2. g3 g6 3. c4 Bg7 4. Bg2 O-O 5. Nc3 d6 6. e4 Nbd7 7. Nge2 e5 8. O-O
exd4 9. Nxd4 Nc5 10. Re1 Re8 11. h3 h6 12. b4 Ne6 13. Nb3 Nd7 14. Qc2 Nb6 15.
Bf1 Ng5 16. Bxg5 hxg5 17. c5 dxc5 18. bxc5 Nd7 19. Rad1 Bxc3 20. Qxc3 Qf6 21.
Qxf6 Nxf6 22. Bg2 c6 23. Rd6 Be6 24. Nd4 Rad8 25. Rb1 Rxd6 26. cxd6 Bc8 27. Re1
g4 28. hxg4 Nxg4 29. f4 c5 30. Nb5 a6 31. Nc7 Rd8 32. e5 b5 33. Bh3 c4 34. e6
fxe6 35. Bxg4 Rxd6 36. Bxe6+ Bxe6 37. Rxe6 Rxe6 38. Nxe6 b4 39. Nd4 a5 40. Nc2
Kf7 41. Kf2 Ke6 42. Ke3 Kd5 43. g4 b3 44. axb3 cxb3 45. Na3 a4 46. Nb1 Kc4 47.
f5 gxf5 48. gxf5 Kd5 49. Kf4 Kd6 50. f6 Ke6 51. Kg5 Kf7 52. Kf5 Kf8 53. Ke6 Ke8
54. Na3 b2 55. Nb1 a3 56. Nxa3 b1=Q 57. Nxb1 Kf8 1-0

[Event "Madrid-ch 2016 Final"]
[Site "Madrid ESP"]
[Date "2016.06.10"]
[Round "5.10"]
[White "Quevedo Marin, Manuel"]
[Black "Ruiz Quevedo, Andres"]
[Result "1-0"]
[WhiteElo "2259"]
[BlackElo "1959"]
[PlyCount "63"]
[EventDate "2016.06.06"]
[EventType "swiss"]
[EventRounds "7"]
[EventCountry "ESP"]
[SourceTitle "Ajedrez en Madrid"]
[Source "lmi"]
[SourceDate "2016.06.06"]

1. e4 c5 2. Nc3 g6 3. Bc4 Bg7 4. Qf3 e6 5. Nb5 d5 6. exd5 Nf6 7. dxe6 fxe6 8.
Qe3 O-O 9. Nf3 Nd5 10. Qxc5 Nc6 11. Qd6 Qe8 12. Qg3 Rxf3 13. Qxf3 Ne5 14. Qe4
Qc6 15. d3 Qb6 16. O-O Bd7 17. Bxd5 exd5 18. Qxd5+ Be6 19. Qd6 Qxb5 20. Qxe6+
Kh8 21. a4 Qb4 22. c3 Qh4 23. d4 Ng4 24. Bf4 Rf8 25. Bg3 Qh5 26. h3 Nh6 27.
Rae1 g5 28. Re5 Nf7 29. Rf5 h6 30. Re1 Kh7 31. d5 Nd8 32. Qe4 1-0

[Event "Madrid-ch 2016 Final"]
[Site "Madrid ESP"]
[Date "2016.06.10"]
[Round "5.11"]
[White "CabaÃ±as Bravo, Juan Andres"]
[Black "Collado Barbas, Laura"]
[Result "1/2-1/2"]
[WhiteElo "1992"]
[BlackElo "2097"]
[PlyCount "114"]
[EventDate "2016.06.06"]
[EventType "swiss"]
[EventRounds "7"]
[EventCountry "ESP"]
[SourceTitle "Ajedrez en Madrid"]
[Source "lmi"]
[SourceDate "2016.06.06"]

1. e4 e6 2. d4 d5 3. Bd3 dxe4 4. Bxe4 Nf6 5. Bf3 c5 6. Ne2 cxd4 7. Qxd4 Nbd7 8.
O-O Bc5 9. Qc3 Qe7 10. Be3 Bd6 11. Bxa7 O-O 12. Be3 e5 13. Ng3 e4 14. Be2 Ne5
15. Nd2 Bb4 16. Qb3 Be6 17. c4 b5 18. Rfc1 bxc4 19. Nxc4 Rfc8 20. a3 Bd6 21.
Bg5 Rab8 22. Bxf6 gxf6 23. Qa2 Bc5 24. b3 Nxc4 25. Bxc4 f5 26. b4 Bd4 27. Bxe6
Qxe6 28. Qxe6 fxe6 29. Rxc8+ Rxc8 30. Rd1 Rc4 31. b5 Ra4 32. Kf1 Kf7 33. Ne2
Bb6 34. Rd7+ Kf6 35. Rd6 Ba5 36. g3 Rxa3 37. Nf4 Rb3 38. b6 Kg5 39. Nxe6+ Kg4
40. Kg2 Bxb6 41. h3+ Kh5 42. Nf4+ Kg5 43. h4+ Kg4 44. Rh6 Rb2 45. Nh3 e3 46.
Rxb6 Rxb6 47. fxe3 Kh5 48. Kf3 Kg6 49. Nf4+ Kf7 50. Ne2 Kf6 51. Nf4 Rb3 52. Nh3
h6 53. Nf4 Rb1 54. Nd3 Ra1 55. Nf4 Ke5 56. Ng6+ Kd6 57. Nf4 Ke5 1/2-1/2

[Event "Madrid-ch 2016 Final"]
[Site "Madrid ESP"]
[Date "2016.06.10"]
[Round "5.12"]
[White "Anton Quevedo, Andrea"]
[Black "Perez de Aranda, Leonardo Ivan"]
[Result "1/2-1/2"]
[WhiteElo "1992"]
[BlackElo "2092"]
[PlyCount "129"]
[EventDate "2016.06.06"]
[EventType "swiss"]
[EventRounds "7"]
[EventCountry "ESP"]
[SourceTitle "Ajedrez en Madrid"]
[Source "lmi"]
[SourceDate "2016.06.06"]

1. e4 d6 2. d4 Nf6 3. Nc3 e5 4. Nf3 Nbd7 5. Be2 Be7 6. O-O O-O 7. a4 c6 8. h3
b6 9. Be3 a6 10. Qd2 Bb7 11. Bd3 Qc7 12. Rfd1 c5 13. d5 c4 14. Bf1 Nc5 15. Qe2
Ncxe4 16. Nxe4 Nxe4 17. Qxc4 Qxc4 18. Bxc4 Rac8 19. b3 Nc3 20. Rd3 Ne2+ 21. Kf1
e4 22. Kxe2 exd3+ 23. Kxd3 Bf6 24. Nd4 Rc5 25. b4 Rxc4 26. Kxc4 Rc8+ 27. Kd3
Bxd5 28. g3 h5 29. Ra3 Bg2 30. h4 Bf1+ 31. Kd2 Rc4 32. c3 d5 33. Nf5 g6 34. Nd4
Be7 35. Ne2 Rc6 36. Nd4 Rc8 37. Nf3 a5 38. Rb3 b5 39. bxa5 bxa4 40. Rb1 Bg2 41.
Nd4 Bc5 42. Ra1 a3 43. Kc2 Be4+ 44. Kc1 Bb4 45. Nb5 Bxa5 46. Rxa3 Bb4 47. Rb3
Be7 48. Nd4 Ra8 49. Nc6 Ba3+ 50. Kd2 Bd6 51. Rb2 f6 52. Bd4 Kf7 53. Be3 Rc8 54.
Rb7+ Rc7 55. Rxc7+ Bxc7 56. Nd4 Bd8 57. Nc6 Bc7 58. Nd4 Ke7 59. Nc6+ Kd6 60.
Nd4 Ba5 61. Bf4+ Kd7 62. Be3 Bd8 63. f4 Bb6 64. Ke2 Ba5 65. Kd2 1/2-1/2

[Event "Madrid-ch 2016 Final"]
[Site "Madrid ESP"]
[Date "2016.06.10"]
[Round "5.13"]
[White "Casares Ripoll, Fernando"]
[Black "Martin Martin, Luis Vicente"]
[Result "1-0"]
[WhiteElo "2139"]
[BlackElo "2017"]
[PlyCount "37"]
[EventDate "2016.06.06"]
[EventType "swiss"]
[EventRounds "7"]
[EventCountry "ESP"]
[SourceTitle "Ajedrez en Madrid"]
[Source "lmi"]
[SourceDate "2016.06.06"]

1. d4 d5 2. c4 c6 3. cxd5 cxd5 4. Nc3 Nf6 5. Nf3 Nc6 6. Bf4 a6 7. e3 Bg4 8. Be2
Qb6 9. Qb3 Qxb3 10. axb3 e6 11. Ne5 Bxe2 12. Kxe2 Nb4 13. Rhc1 Rd8 14. Na4 Bd6
15. Nc5 Bxc5 16. Rxc5 Nd7 17. Rc7 Nxe5 18. Bxe5 f6 19. Rxb7 1-0

[Event "Madrid-ch 2016 Final"]
[Site "Madrid ESP"]
[Date "2016.06.10"]
[Round "5.14"]
[White "Pindado Campos, Raul"]
[Black "Aguilera Lopez, Alejandro"]
[Result "1/2-1/2"]
[WhiteElo "2046"]
[BlackElo "2011"]
[PlyCount "63"]
[EventDate "2016.06.06"]
[EventType "swiss"]
[EventRounds "7"]
[EventCountry "ESP"]
[SourceTitle "Ajedrez en Madrid"]
[Source "lmi"]
[SourceDate "2016.06.06"]

1. d4 d5 2. c4 e6 3. Nc3 c6 4. cxd5 exd5 5. Nf3 Nf6 6. Bg5 Be7 7. e3 Bf5 8. Bd3
Bg6 9. Bxg6 hxg6 10. Rb1 Nbd7 11. b4 Ne4 12. Nxe4 dxe4 13. Bxe7 Qxe7 14. Nd2
Nf6 15. a4 Nd5 16. Qb3 a6 17. Nc4 O-O 18. O-O Kh7 19. Ne5 f6 20. Nc4 f5 21. b5
axb5 22. axb5 Qg5 23. f4 Qe7 24. bxc6 bxc6 25. Nb6 Ra3 26. Nxd5 cxd5 27. Qxd5
Rxe3 28. Rb7 Qh4 29. Qe5 Rg8 30. d5 Qg4 31. Kh1 Re2 32. Rg1 1/2-1/2

[Event "Madrid-ch 2016 Final"]
[Site "Madrid ESP"]
[Date "2016.06.11"]
[Round "6.1"]
[White "Valles Moreno, Ivan"]
[Black "Rubio Mejia, Luis Ignacio"]
[Result "1-0"]
[WhiteElo "2441"]
[BlackElo "2457"]
[PlyCount "63"]
[EventDate "2016.06.06"]
[EventType "swiss"]
[EventRounds "7"]
[EventCountry "ESP"]
[SourceTitle "Ajedrez en Madrid"]
[Source "lmi"]
[SourceDate "2016.06.06"]

1. e4 c5 2. Nf3 e6 3. d4 cxd4 4. Nxd4 Nc6 5. Nc3 Qc7 6. Be2 a6 7. O-O Nf6 8.
Be3 Bb4 9. Nxc6 bxc6 10. f4 d5 11. e5 Nd7 12. Na4 Be7 13. c4 O-O 14. Rc1 Qb8
15. cxd5 cxd5 16. Rf3 a5 17. Rh3 g6 18. Bd4 Ba6 19. Bg4 Rc8 20. Rxc8+ Qxc8 21.
f5 exf5 22. Bxf5 gxf5 23. e6 fxe6 24. Rc3 Qb8 25. Rg3+ Kf8 26. Qh5 e5 27. Qxf5+
Nf6 28. Nc5 Qb4 29. Nd7+ Ke8 30. Nxf6+ Bxf6 31. Qe6+ Kd8 32. Bb6+ 1-0